Water resources management in industrial areas (Record no. 46133)
[ view plain ]
| 000 -LEADER | |
|---|---|
| fixed length control field | 00722nam a22001697a 4500 |
| 008 - FIXED-LENGTH DATA ELEMENTS--GENERAL INFORMATION | |
| fixed length control field | 230622b |||||||| |||| 00| 0 eng d |
| 020 ## - INTERNATIONAL STANDARD BOOK NUMBER | |
| International Standard Book Number | 0-907567-30-4 |
| 040 ## - CATALOGING SOURCE | |
| Original cataloging agency | National Science Library |
| Transcribing agency | National Science Library |
| 080 ## - UNIVERSAL DECIMAL CLASSIFICATION NUMBER | |
| Universal Decimal Classification number | 628.1(082.2) |
| Item number | M2 |
| 245 ## - TITLE STATEMENT | |
| Title | Water resources management in industrial areas |
| Statement of responsibility, etc. | / Selected papers from the international symposium held by the International Water Resources Association 7-11 September, 1981 Lisbon, Portugal sponsored by.............................Association |
| 260 ## - PUBLICATION, DISTRIBUTION, ETC. | |
| Place of publication, distribution, etc. | Dublin: |
| Name of publisher, distributor, etc. | Tycooly International Publishing Ltd, |
| Date of publication, distribution, etc. | 1982 |
| 300 ## - PHYSICAL DESCRIPTION | |
| Extent | viii, 463p. |
| 490 ## - SERIES STATEMENT | |
| Series statement | Water resources series |
| 650 ## - SUBJECT ADDED ENTRY--TOPICAL TERM | |
| Topical term or geographic name entry element | Symposium |
| 700 ## - ADDED ENTRY--PERSONAL NAME | |
| Personal name | Beard, Leo R (Ed.) |
| 942 ## - ADDED ENTRY ELEMENTS (KOHA) | |
| Source of classification or shelving scheme | Universal Decimal Classification |
| Koha item type | Symposium |
| Withdrawn status | Lost status | Source of classification or shelving scheme | Damaged status | Not for loan | Home library | Current library | Shelving location | Date acquired | Total Checkouts | Full call number | Barcode | Date last seen | Price effective from | Koha item type |
|---|---|---|---|---|---|---|---|---|---|---|---|---|---|---|
| Universal Decimal Classification | National Science Library | National Science Library | GF/Rk-13/C-16/R-4 | 14/06/1985 | 628.1(082.2) M2 | 105556 | 22/06/2023 | 14/06/1985 | Symposium |